|
|
|
|
| LEADER |
00000cam a2200000 a 4500 |
| 001 |
035151 |
| 003 |
UAHC_CL |
| 005 |
20250731131859.0 |
| 008 |
071119s cl 000 spa |
| 040 |
|
|
|a UAHC_CL
|c UAHC_CL
|d UAHC_CL
|
| 100 |
1 |
|
|a Nuñez Navarrete, Raquel
|
| 245 |
1 |
0 |
|a Eukenética :
|b Profundizando las cualidades del movimiento
|c Raquel Nuñez Navarrete, Rodrigo Fernández Labra y María José Cifuentes.
|
| 500 |
|
|
|a Modo de acceso: Internet --(Página web visitada el 26 de abril de 2016).
|
| 650 |
|
4 |
|a DANZA
|
| 700 |
1 |
|
|a Cifuentes, María José
|
| 700 |
1 |
|
|a Fernández Labra, Rodrigo
|
| 856 |
|
|
|u http://www.eukinetica.cl/
|y Acceso electrónico al documento
|
| 900 |
|
|
|a LIT. LINGUêST.-17/06
|
| 942 |
|
|
|c BK
|2 ddc
|
| 999 |
|
|
|c 35151
|d 35151
|